000 00253nam a2200109Ia 4500
008 190216s9999||||xx |||||||||||||| ||und||
100 _aBaskaran C
245 0 _aIndia Charithram Madhyakalam
260 _bKerala Basha Inst
300 _a144
942 _cBK
999 _c20575
_d20575